[Event "Lviv Tradition January 2019"]
[Site "Lviv"]
[Date "2019.01.29"]
[Round "4"]
[White "Terletsky, Oleg"]
[Black "Kyrychenko, Maryan"]
[Result "1-0"]
[WhiteElo "2197"]
[BlackElo "2207"]
[Annotator "NA RC"]
[PlyCount "99"]
[EventDate "2019.01.27"]
[EventType "schev"]
[EventCountry "UKR"]
[SourceTitle "playchess.com"]
[Source "ChessBase"]
[SourceQuality "1"]
[TimeControl "5400+30"]

{[%evp 27,96,79,85,32767,83,49,32767,32767,70,27,34,9,11,26,26,33,28,25,56,48,116,118,106,84,149,94,107,104,93,91,64,65,117,125,132,121,206,134,144,128,196,212,208,204,205,202,241,115,152,143,106,32767,68,53,32767,32767,68,0,0,0,16,5,106,62,32767,-16,58,60,32767,32767,29990]} 1. e4 {[%emt 0:00:00]} c5 {[%emt 0:00:00]} 2. Nf3 {[%emt 0:00:00]} e6 {[%emt 0:00:00]} 3. d4 {[%emt 0:00:00]} cxd4 {[%emt 0:00:00]} 4. Nxd4 {[%emt 0:00:00]} a6 {[%emt 0:00:00]} 5. Nc3 {[%emt 0:00:00]} Qc7 {[%emt 0:00:03]} 6. Bd3 {[%emt 0:00:00]} Nc6 {[%emt 0:03:31]} 7. Be3 {[%emt 0:00:07]} Nf6 {[%emt 0:13:43]} 8. O-O {[%emt 0:00:16]} Bd6 {[%emt 0:09:49]} 9. Nxc6 {[%emt 0:14:15]} dxc6 {[%emt 0:00:16]} 10. f4 {[%emt 0:00:50]} e5 {[%emt 0:00:07] B48: Sicilian: Taimanov: 5 Nc3 Qc7 6 Be3 a6 without Be2} 11. f5 {[%emt 0:00:12]} b5 {[%emt 0:02:16]} (11... Qe7 12. Qf3 b5 13. a4 Bb7 14. Kh1 Rd8 15. Qg3 Kf8 16. Rad1 h6 17. Qh4 Kg8 18. Rf3 Bc5 19. Bd2 Qc7 20. Qe1 Rd7 21. Qe2 {½-½ (21) Fressinet,L (2626)-Ye,J (2641) Paris 2006}) 12. a4 {[%emt 0:00:24]} b4 {[%emt 0:07:03]} 13. Nb1 {[%emt 0:00:06]} c5 {[%emt 0:04:20]} 14. Nd2 {[%emt 0:00:31]} Bb7 {[%emt 0:00:04]} 15. Qf3 {[%emt 0:04:22]} h5 {[%emt 0:10:36]} 16. Bg5 $146 {[%emt 0:03:35]} ({Predecessor:} 16. Nc4 Ng4 17. Bd2 Bc6 18. b3 {1-0 (37) Ahmad,A (2343)-Van der Nat,N (2160) Istanbul 2000}) 16... Be7 {[%emt 0:01:18]} 17. Nc4 {[%emt 0:03:54]} h4 {[%emt 0:16:24]} 18. Ne3 {[%emt 0:01:37]} Rd8 {[%emt 0:01:06]} 19. Bxf6 {[%emt 0:01:44]} Bxf6 {[%emt 0:00:27]} 20. Bc4 {[%emt 0:00:08]} Bg5 {[%emt 0:02:35]} 21. Nd5 {[%emt 0:00:07]} Bxd5 {[%emt 0:00:10]} 22. Bxd5 {[%emt 0:00:08]} Ke7 {[%emt 0:01:49]} 23. Qb3 {[%emt 0:01:44]} Kf6 {[%emt 0:02:51]} (23... Kf8 $11) 24. a5 {[%emt 0:00:11]} Rd6 {[%emt 0:01:16]} 25. Qc4 {[%emt 0:01:24]} Rb8 {[%emt 0:00:48]} (25... h3 $142) 26. Rad1 {[%emt 0:03:22]} Rbd8 {[%emt 0:02:38]} 27. Rd3 {[%emt 0:00:57]} Qxa5 {[%emt 0:04:39]} 28. Bxf7 {[%emt 0:00:39]} Qb5 $1 {[%emt 0:00:07]} 29. Qb3 {[%emt 0:03:38]} Qb6 {[%emt 0:01:45]} 30. Kh1 {[%emt 0:01:35]} Rxd3 {[%emt 0:01:54]} 31. cxd3 {[%emt 0:00:01]} Bf4 {[%emt 0:04:13]} (31... Rf8 $16) 32. Bc4 {[%emt 0:00:22]} (32. Bh5 $18 Rf8 33. Ra1) 32... a5 {[%emt 0:06:11]} 33. Qd1 {[%emt 0:03:26]} Ke7 {[%emt 0:00:40]} 34. Qh5 {[%emt 0:02:04]} Qf6 {[%emt 0:00:20]} 35. Ra1 {[%emt 0:00:07]} Ra8 {[%emt 0:01:28]} 36. Bd5 {[%emt 0:00:05]} Ra6 {[%emt 0:00:58]} 37. b3 {[%emt 0:01:19]} (37. Qh8 $18 Qf8 38. Qxh4+ Kd7 39. Qf2) 37... Bh6 {[%emt 0:00:27]} 38. Qe2 {[%emt 0:03:24]} Ra7 {[%emt 0:00:07]} 39. Qc2 {[%emt 0:00:20]} Be3 {[%emt 0:01:05]} 40. Re1 {[%emt 0:01:10]} Bd4 {[%emt 0:00:45]} 41. Rf1 {[%emt 0:00:29]} Qh6 {[%emt 0:01:07]} 42. f6+ {[%emt 0:09:16]} gxf6 {[%emt 0:00:04]} 43. Qe2 {[%emt 0:00:04]} Qg6 {[%emt 0:01:11]} 44. Qf3 {[%emt 0:00:27]} Kd6 {[%emt 0:01:16] [#]} (44... Kd8 $11 {keeps the balance.}) 45. Qh3 $1 {[%emt 0:00:09]} Rg7 {[%emt 0:00:28]} 46. Qe6+ {[%emt 0:04:20]} Kc7 {[%emt 0:00:01]} 47. Qc6+ {[%emt 0:00:07]} Kd8 {[%emt 0:00:08]} 48. Qd6+ {[%emt 0:00:34]} (48. Qxf6+ Kc7 $11 (48... Qxf6 49. Rxf6 Rg4 $11)) 48... Ke8 {[%emt 0:01:19]} (48... Kc8 $14 49. Qa6+ Kd8 (49... Kd7 50. Qc6+) 50. Qxa5+ Kd7 $16) 49. Bc6+ {[%emt 0:01:12]} Kf7 {[%emt 0:00:02]} 50. Qd5+ {[%emt 0:00:18]} 1-0

[Event "Lviv Tradition January 2019"]
[Site "Lviv"]
[Date "2019.01.29"]
[Round "4"]
[White "Siniauski, Artsiom"]
[Black "Taranenko, Evgueniy"]
[Result "1/2-1/2"]
[WhiteElo "2182"]
[BlackElo "2218"]
[Annotator "NA RC"]
[PlyCount "94"]
[EventDate "2019.01.27"]
[EventType "schev"]
[EventCountry "UKR"]
[SourceTitle "playchess.com"]
[Source "ChessBase"]
[SourceQuality "1"]
[TimeControl "5400+30"]

{[%evp 39,93,-47,-56,-47,-39,-52,-41,-41,-44,-44,-35,-57,-42,-108,-113,32767,32767,-154,-141,-152,-144,-165,-86,-149,-110,-153,-172,-163,-110,-140,-165,32767,-165,32767,32767,-148,32767,-117,-163,-196,0,-172,-5,-36,0,0,0,0,0,0,0,0,0,0,0,0]} 1. e4 {[%emt 0:00:00]} Nc6 {[%emt 0:00:00]} 2. Nf3 {[%emt 0:00:09]} d5 {[%emt 0:00:02]} 3. exd5 {[%emt 0:00:16]} Qxd5 {[%emt 0:00:01]} 4. Nc3 {[%emt 0:00:08]} Qa5 {[%emt 0:00:03]} 5. d4 {[%emt 0:00:16]} Bg4 {[%emt 0:00:08]} 6. Be2 {[%emt 0:00:11]} O-O-O {[%emt 0:00:12]} 7. Be3 {[%emt 0:01:06] B01: Scandinavian Defence} e5 {[%emt 0:00:14]} (7... Nf6 8. a3 Qf5 9. O-O Bxf3 10. Bxf3 Nxd4 11. Bxd4 e5 12. Ne2 exd4 13. Nxd4 Qd7 14. c3 Bc5 {1-0 (61) Malakhov,V (2707)-Fressinet,L (2708) Tromsoe 2013}) 8. Nxe5 {[%emt 0:01:15]} Bxe2 {[%emt 0:00:07]} 9. Qxe2 {[%emt 0:03:05]} Nxe5 {[%emt 0:00:06]} 10. dxe5 {[%emt 0:00:07]} Qxe5 {[%emt 0:00:02]} 11. Qb5 {[%emt 0:01:24]} Qxb5 {[%emt 0:05:20]} 12. Nxb5 {[%emt 0:00:06]} a6 {[%emt 0:00:06]} 13. Nd4 {[%emt 0:00:10]} Nf6 {[%emt 0:00:18]} 14. O-O-O $146 {[%emt 0:02:06]} ({Predecessor:} 14. c3) 14... Ng4 {[%emt 0:08:39]} 15. Bg5 {[%emt 0:03:30]} f6 {[%emt 0:14:00]} 16. Bh4 {[%emt 0:00:23]} Bc5 {[%emt 0:01:49]} 17. Ne6 {[%emt 0:07:37]} Rxd1+ {[%emt 0:00:33]} 18. Rxd1 {[%emt 0:00:07]} Bxf2 {[%emt 0:01:41]} 19. Bxf2 {[%emt 0:00:16]} Nxf2 {[%emt 0:00:01]} 20. Rf1 {[%emt 0:49:31]} Ne4 {[%emt 0:01:42]} 21. Rf4 {[%emt 0:06:28]} Nd6 {[%emt 0:00:56]} 22. Nxg7 {[%emt 0:00:16]} Rg8 {[%emt 0:00:12]} 23. Nf5 {[%emt 0:00:07]} Nxf5 {[%emt 0:01:21]} 24. Rxf5 {[%emt 0:00:07]} Rxg2 {[%emt 0:00:04]} 25. h4 {[%emt 0:00:37]} Rg6 {[%emt 0:11:46]} 26. h5 {[%emt 0:00:22]} (26. Kd2 $15) 26... Rg5 {[%emt 0:00:40]} 27. Rxf6 {[%emt 0:00:05]} Rxh5 {[%emt 0:00:03]} 28. Rf7 {[%emt 0:00:12]} b6 {[%emt 0:08:25]} 29. b3 {[%emt 0:01:05]} Kb7 {[%emt 0:00:28]} 30. Kb2 {[%emt 0:00:15]} Rh6 {[%emt 0:03:37]} (30... Rh3 $19 {is more deadly.} 31. Kc1 h5) 31. a4 {[%emt 0:00:26]} ({Better is} 31. b4) 31... a5 {[%emt 0:00:21]} 32. Rg7 {[%emt 0:00:10]} Kc6 {[%emt 0:01:16]} 33. Rf7 {[%emt 0:01:18]} Kd6 {[%emt 0:01:20]} 34. Kc3 {[%emt 0:01:45]} Rh3+ {[%emt 0:09:05]} 35. Kb2 {[%emt 0:01:21]} Rh5 {[%emt 0:01:27]} 36. Rg7 {[%emt 0:00:10]} Kc6 {[%emt 0:03:35]} 37. Rf7 {[%emt 0:00:33]} Kb7 {[%emt 0:00:27]} 38. Rg7 {[%emt 0:00:13]} Rh6 {[%emt 0:01:20]} 39. Rf7 {[%emt 0:00:15]} (39. Kc3 $17 {might work better.}) 39... Kb8 {[%emt 0:01:53]} (39... Rh4 $17 40. Kc3 Kc6) 40. Rg7 $2 {[%emt 0:00:28]} (40. Rf8+ $1 $11 {and White is okay.} Kb7 41. Kc3) 40... c5 $2 {[%emt 0:00:53]} (40... Rh3 $19 41. Rg2 h5) 41. Kc3 {[%emt 0:00:29]} Kc8 {[%emt 0:00:18]} 42. Kc4 {[%emt 0:01:36]} Kd8 {[%emt 0:03:49]} 43. Kb5 {[%emt 0:01:22]} Ke8 {[%emt 0:00:55]} 44. Rb7 {[%emt 0:00:22]} Kf8 {[%emt 0:00:16]} 45. Rb8+ {[%emt 0:00:06]} ({Not} 45. Rxb6 $2 Rxb6+ 46. Kxb6 h5 $19) 45... Kg7 {[%emt 0:00:06]} 46. Rb7+ {[%emt 0:00:05]} ({Don't go for} 46. Rxb6 $2 Rxb6+ 47. Kxb6 h5 $19) 46... Kg8 {[%emt 0:00:11]} 47. Rb8+ $11 {[%emt 0:00:05]} ({Not} 47. Rxb6 $2 Rxb6+ 48. Kxb6 h5 $19) 47... Kg7 {[%emt 0:00:05]} 1/2-1/2

[Event "Lviv Tradition January 2019"]
[Site "Lviv"]
[Date "2019.01.29"]
[Round "5"]
[White "Kagramanianz, Vartan"]
[Black "Boricsev, Oleg"]
[Result "1/2-1/2"]
[WhiteElo "2246"]
[BlackElo "2297"]
[Annotator "NA"]
[PlyCount "61"]
[EventDate "2019.01.27"]
[EventType "schev"]
[EventCountry "UKR"]
[SourceTitle "playchess.com"]
[Source "ChessBase"]
[SourceQuality "1"]
[TimeControl "5400+30"]

1. c4 {[%emt 0:05:18]} e6 {[%emt 0:02:17]} 2. Nf3 {[%emt 0:01:04]} d5 {[%emt 0:00:07]} 3. g3 {[%emt 0:06:07]} Nf6 {[%emt 0:02:51]} 4. Bg2 {[%emt 0:00:24]} Be7 {[%emt 0:00:09]} 5. O-O {[%emt 0:01:00]} O-O {[%emt 0:05:53]} 6. d4 {[%emt 0:00:31]} dxc4 {[%emt 0:01:28]} 7. Qc2 {[%emt 0:01:52]} a6 {[%emt 0:00:30]} 8. Qxc4 {[%emt 0:00:18]} b5 {[%emt 0:00:15]} 9. Qc2 {[%emt 0:00:08]} Bb7 {[%emt 0:00:06]} 10. Bd2 {[%emt 0:00:34]} Bd6 {[%emt 0:05:00]} 11. Re1 {[%emt 0:01:35]} Be4 {[%emt 0:01:06]} 12. Qc1 {[%emt 0:00:16]} Bb7 {[%emt 0:00:11]} 13. Qc2 {[%emt 0:00:23]} Be4 {[%emt 0:00:07]} 14. Qc1 {[%emt 0:00:12]} Bb7 {[%emt 0:00:07]} 15. Bg5 {[%emt 0:01:28]} Nbd7 {[%emt 0:01:09]} 16. Nbd2 {[%emt 0:03:05]} c5 {[%emt 0:00:09]} 17. Bxf6 {[%emt 0:01:53]} gxf6 {[%emt 0:00:14]} 18. Nb3 {[%emt 0:00:20]} c4 {[%emt 0:00:05]} 19. Nbd2 {[%emt 0:00:13]} Rc8 {[%emt 0:00:04]} 20. a3 {[%emt 0:00:08]} Qb6 {[%emt 0:00:11]} 21. e4 {[%emt 0:00:16]} Rfd8 {[%emt 0:00:54]} 22. e5 {[%emt 0:01:11]} Bf8 {[%emt 0:00:07]} 23. Ne4 {[%emt 0:00:53]} fxe5 {[%emt 0:00:44]} 24. dxe5 {[%emt 0:03:15]} h6 {[%emt 0:00:08]} 25. Nd6 {[%emt 0:00:25]} Rc5 {[%emt 0:00:19]} 26. Qf4 {[%emt 0:00:31]} Bxd6 {[%emt 0:00:42]} 27. exd6 {[%emt 0:03:37]} Rf5 {[%emt 0:04:54]} 28. Qxh6 {[%emt 0:01:04]} Bxf3 {[%emt 0:00:05]} 29. Bxf3 {[%emt 0:00:08]} Rxf3 {[%emt 0:00:13]} 30. Qg5+ {[%emt 0:00:22]} Kf8 {[%emt 0:00:02]} 31. Qe7+ {[%emt 0:00:27]} 1/2-1/2

[Event "Lviv Tradition January 2019"]
[Site "Lviv"]
[Date "2019.01.29"]
[Round "5"]
[White "Prydun, Andriy"]
[Black "Terletsky, Oleg"]
[Result "1-0"]
[WhiteElo "2218"]
[BlackElo "2197"]
[Annotator "NA"]
[PlyCount "78"]
[EventDate "2019.01.27"]
[EventType "schev"]
[EventCountry "UKR"]
[SourceTitle "playchess.com"]
[Source "ChessBase"]
[SourceQuality "1"]
[TimeControl "5400+30"]

1. e4 {[%emt 0:03:21]} e5 {[%emt 0:00:00]} 2. Nf3 {[%emt 0:00:06]} Nc6 {[%emt 0:00:00]} 3. Nc3 {[%emt 0:00:04]} Nf6 {[%emt 0:00:00]} 4. a3 {[%emt 0:00:03]} d5 {[%emt 0:10:11]} 5. exd5 {[%emt 0:00:10]} Nxd5 {[%emt 0:00:09]} 6. Bb5 {[%emt 0:00:04]} Nxc3 {[%emt 0:00:08]} 7. bxc3 {[%emt 0:00:03]} Bd6 {[%emt 0:00:07]} 8. d4 {[%emt 0:00:04]} exd4 {[%emt 0:00:05]} 9. Nxd4 {[%emt 0:09:19]} Qe7+ {[%emt 0:17:57]} 10. Qe2 {[%emt 0:08:58]} Qxe2+ {[%emt 0:01:16]} 11. Kxe2 {[%emt 0:00:02]} Bd7 {[%emt 0:00:31]} 12. Nxc6 {[%emt 0:00:15]} a6 {[%emt 0:06:17]} 13. Ba4 {[%emt 0:05:53]} b5 {[%emt 0:00:06]} 14. Bb3 {[%emt 0:31:09]} Bxc6 {[%emt 0:02:52]} 15. Be3 {[%emt 0:00:29]} O-O {[%emt 0:07:42]} 16. a4 {[%emt 0:17:50]} Be5 {[%emt 0:10:46]} 17. Ra3 {[%emt 0:04:03]} Bxg2 {[%emt 0:01:29]} 18. Rg1 {[%emt 0:00:09]} Bc6 {[%emt 0:00:51]} 19. axb5 {[%emt 0:06:58]} Bxb5+ {[%emt 0:12:02]} 20. c4 {[%emt 0:00:06]} Bc6 {[%emt 0:00:07]} 21. Ra5 {[%emt 0:06:10]} Bxh2 {[%emt 0:02:50]} 22. Rg4 {[%emt 0:01:11]} Bd6 {[%emt 0:02:49]} 23. Rag5 g6 {[%emt 0:03:44]} 24. c5 {[%emt 0:01:40]} Bb5+ {[%emt 0:04:34]} 25. c4 {[%emt 0:00:46]} Be7 {[%emt 0:00:03]} 26. cxb5 {[%emt 0:00:33]} Bxg5 {[%emt 0:00:06]} 27. Rxg5 {[%emt 0:00:05]} axb5 {[%emt 0:00:08]} 28. c6 {[%emt 0:00:42]} Rfb8 {[%emt 0:00:40]} 29. Bf4 {[%emt 0:01:21]} Ra3 {[%emt 0:00:20]} 30. Bd5 {[%emt 0:00:58]} Rc8 {[%emt 0:05:18]} 31. Re5 {[%emt 0:00:15]} Rd8 {[%emt 0:00:49]} 32. Bg5 {[%emt 0:00:18]} Rd6 {[%emt 0:00:44]} 33. Be7 {[%emt 0:00:28]} Rxd5 {[%emt 0:03:59]} 34. Rxd5 {[%emt 0:00:07]} Ra2+ {[%emt 0:00:11]} 35. Rd2 {[%emt 0:00:50]} Rxd2+ {[%emt 0:02:36]} 36. Kxd2 {[%emt 0:00:05]} f5 {[%emt 0:00:04]} 37. Bd6 {[%emt 0:00:14]} Kf7 {[%emt 0:00:06]} 38. Bxc7 {[%emt 0:01:23]} Ke6 {[%emt 0:00:50]} 39. Bh2 {[%emt 0:00:46]} Kd5 1-0

[Event "Lviv Tradition January 2019"]
[Site "Lviv"]
[Date "2019.01.29"]
[Round "5"]
[White "Taranenko, Evgueniy"]
[Black "Sevostianov, Pavel"]
[Result "0-1"]
[WhiteElo "2218"]
[BlackElo "2258"]
[Annotator "NA"]
[PlyCount "78"]
[EventDate "2019.01.27"]
[EventType "schev"]
[EventCountry "UKR"]
[SourceTitle "playchess.com"]
[Source "ChessBase"]
[SourceQuality "1"]
[TimeControl "5400+30"]

1. Nc3 {[%emt 0:01:19]} Nc6 {[%emt 0:01:21]} 2. a3 {[%emt 0:00:32]} e5 {[%emt 0:00:33]} 3. e3 {[%emt 0:00:06]} g6 {[%emt 0:02:46]} 4. d4 {[%emt 0:00:26]} d6 {[%emt 0:00:10]} 5. Nf3 {[%emt 0:05:18]} Bg7 {[%emt 0:00:19]} 6. Bb5 {[%emt 0:00:45]} Bd7 {[%emt 0:00:21]} 7. O-O {[%emt 0:00:50]} a6 {[%emt 0:01:19]} 8. Ba4 {[%emt 0:00:43]} Nge7 {[%emt 0:00:46]} 9. d5 {[%emt 0:06:32]} Nb8 {[%emt 0:02:31]} 10. e4 {[%emt 0:00:45]} b5 {[%emt 0:01:24]} 11. Bb3 {[%emt 0:01:25]} O-O {[%emt 0:00:08]} 12. Be3 {[%emt 0:08:45]} h6 {[%emt 0:00:44]} 13. Ne1 {[%emt 0:15:11]} f5 {[%emt 0:00:58]} 14. exf5 {[%emt 0:00:13]} gxf5 {[%emt 0:01:22]} 15. f4 {[%emt 0:00:12]} Ng6 {[%emt 0:02:37]} 16. Nf3 {[%emt 0:10:37]} e4 {[%emt 0:03:45]} 17. Nd4 {[%emt 0:00:18]} Kh7 {[%emt 0:01:15]} 18. Nce2 {[%emt 0:08:37]} a5 {[%emt 0:02:45]} 19. c4 {[%emt 0:02:32]} a4 {[%emt 0:00:19]} 20. Ba2 {[%emt 0:00:11]} bxc4 {[%emt 0:00:04]} 21. Bxc4 {[%emt 0:00:10]} Na6 {[%emt 0:00:12]} 22. Ng3 {[%emt 0:04:42]} Nc5 {[%emt 0:01:10]} 23. Qe2 {[%emt 0:03:17]} Rb8 {[%emt 0:00:48]} 24. Rab1 {[%emt 0:00:30]} Qe8 {[%emt 0:01:24]} 25. Qh5 {[%emt 0:01:08]} Qf7 {[%emt 0:07:19]} 26. Qe2 {[%emt 0:02:26]} Rg8 {[%emt 0:01:49]} 27. Nc6 {[%emt 0:01:39]} Bxc6 {[%emt 0:04:45]} 28. dxc6 {[%emt 0:00:28]} d5 {[%emt 0:00:32]} 29. Bxc5 {[%emt 0:00:10]} dxc4 {[%emt 0:00:04]} 30. Nh5 {[%emt 0:06:44]} Qd5 {[%emt 0:01:34]} 31. Bb4 {[%emt 0:00:43]} Qd3 {[%emt 0:00:33]} 32. Qe1 {[%emt 0:02:34]} Rbd8 {[%emt 0:23:04]} 33. Rd1 {[%emt 0:05:56]} Qc2 {[%emt 0:00:27]} 34. Bc3 {[%emt 0:05:02]} Nh4 {[%emt 0:04:13]} 35. Rd2 {[%emt 0:04:56]} Rxd2 {[%emt 0:01:59]} 36. Bxd2 {[%emt 0:01:29]} Bd4+ {[%emt 0:06:19]} 37. Kh1 {[%emt 0:00:01]} Nxg2 {[%emt 0:00:38]} 38. Qc1 {[%emt 0:01:09]} Qd3 {[%emt 0:03:43]} 39. Rd1 {[%emt 0:00:37]} Ne1 {[%emt 0:00:50]} 0-1

[Event "Lviv Tradition January 2019"]
[Site "Lviv"]
[Date "2019.01.29"]
[Round "5"]
[White "Kyrychenko, Maryan"]
[Black "Shkuran, Danylo"]
[Result "1/2-1/2"]
[WhiteElo "2207"]
[BlackElo "2359"]
[Annotator "NA"]
[PlyCount "60"]
[EventDate "2019.01.27"]
[EventType "schev"]
[EventCountry "UKR"]
[SourceTitle "playchess.com"]
[Source "ChessBase"]
[SourceQuality "1"]
[TimeControl "5400+30"]

1. e4 {[%emt 0:00:00]} c5 {[%emt 0:03:56]} 2. Nf3 {[%emt 0:00:00]} e6 {[%emt 0:00:04]} 3. d4 {[%emt 0:00:00]} cxd4 {[%emt 0:00:03]} 4. Nxd4 {[%emt 0:00:00]} a6 {[%emt 0:00:06]} 5. Nc3 {[%emt 0:00:00]} Qc7 {[%emt 0:00:04]} 6. Qd3 {[%emt 0:00:00]} Nc6 {[%emt 0:03:00]} 7. Nxc6 {[%emt 0:00:01]} bxc6 {[%emt 0:02:00]} 8. Qg3 {[%emt 0:00:05]} Qxg3 {[%emt 0:05:40]} 9. hxg3 {[%emt 0:00:04]} d5 {[%emt 0:00:25]} 10. Na4 {[%emt 0:00:04]} Bb7 {[%emt 0:04:59]} 11. Bf4 {[%emt 0:01:01]} Rd8 {[%emt 0:02:04]} 12. Nb6 {[%emt 0:04:32]} Bc5 {[%emt 0:20:22]} 13. Bc7 {[%emt 0:00:15]} Bxb6 {[%emt 0:00:09]} 14. Bxb6 {[%emt 0:00:02]} Rc8 {[%emt 0:02:16]} 15. Bd3 {[%emt 0:04:34]} Nf6 {[%emt 0:01:28]} 16. exd5 {[%emt 0:01:19]} cxd5 {[%emt 0:03:17]} 17. Bd4 {[%emt 0:00:07]} Ke7 {[%emt 0:06:46]} 18. b4 {[%emt 0:01:59]} h5 {[%emt 0:15:02]} 19. a4 {[%emt 0:00:43]} g6 {[%emt 0:01:36]} 20. b5 {[%emt 0:14:45]} Ra8 {[%emt 0:05:49]} 21. Kd2 {[%emt 0:00:48]} Rhc8 {[%emt 0:00:56]} 22. f3 {[%emt 0:04:02]} Nd7 {[%emt 0:00:20]} 23. Rhe1 {[%emt 0:02:14]} Kd6 {[%emt 0:00:53]} 24. f4 {[%emt 0:00:54]} axb5 {[%emt 0:06:03]} 25. axb5 {[%emt 0:00:02]} Nc5 {[%emt 0:00:08]} 26. Be5+ {[%emt 0:01:42]} Kd7 {[%emt 0:00:34]} 27. Bd4 {[%emt 0:00:09]} Nxd3 {[%emt 0:00:52]} 28. Kxd3 {[%emt 0:00:08]} Rxa1 {[%emt 0:00:13]} 29. Rxa1 {[%emt 0:00:02]} Ra8 {[%emt 0:00:06]} 30. Rxa8 {[%emt 0:00:09]} Bxa8 {[%emt 0:00:03] Ke4} 1/2-1/2

[Event "Lviv Tradition January 2019"]
[Site "Lviv"]
[Date "2019.01.29"]
[Round "5"]
[White "Gavrish, Leonid"]
[Black "Siniauski, Artsiom"]
[Result "0-1"]
[WhiteElo "2149"]
[BlackElo "2182"]
[Annotator "NA"]
[PlyCount "104"]
[EventDate "2019.01.27"]
[EventType "schev"]
[EventCountry "UKR"]
[SourceTitle "playchess.com"]
[Source "ChessBase"]
[SourceQuality "1"]
[TimeControl "5400+30"]

1. d4 {[%emt 0:03:31]} Nf6 {[%emt 0:00:00]} 2. c4 {[%emt 0:00:17]} e6 {[%emt 0:00:00]} 3. Nc3 {[%emt 0:00:28]} Bb4 {[%emt 0:00:00]} 4. e3 {[%emt 0:00:05]} O-O {[%emt 0:00:07]} 5. Bd3 {[%emt 0:00:03]} d5 {[%emt 0:00:09]} 6. cxd5 {[%emt 0:00:06]} exd5 {[%emt 0:00:03]} 7. Nge2 {[%emt 0:00:05]} Re8 {[%emt 0:00:10]} 8. a3 {[%emt 0:00:06]} Bd6 {[%emt 0:01:51]} 9. Nb5 {[%emt 0:00:08]} Bf8 {[%emt 0:00:13]} 10. O-O {[%emt 0:00:10]} b6 {[%emt 0:00:45]} 11. Qc2 {[%emt 0:01:47]} c6 {[%emt 0:01:10]} 12. Nbc3 {[%emt 0:00:11]} c5 {[%emt 0:00:27]} 13. dxc5 {[%emt 0:01:29]} bxc5 {[%emt 0:00:16]} 14. Rd1 {[%emt 0:00:40]} Bb7 {[%emt 0:02:35]} 15. Bb5 {[%emt 0:05:35]} Re6 {[%emt 0:07:53]} 16. Nf4 {[%emt 0:00:50]} Rd6 {[%emt 0:00:52]} 17. Bf1 {[%emt 0:06:36]} Nbd7 {[%emt 0:04:39]} 18. b4 {[%emt 0:03:40]} a6 {[%emt 0:10:18]} 19. Bb2 {[%emt 0:05:48]} Rc8 {[%emt 0:04:15]} 20. Qb3 {[%emt 0:04:38]} c4 {[%emt 0:06:24]} 21. Qc2 {[%emt 0:02:11]} a5 {[%emt 0:00:17]} 22. Na4 {[%emt 0:05:45]} Ne4 {[%emt 0:08:21]} 23. f3 {[%emt 0:06:51]} Ng5 {[%emt 0:06:58]} 24. Bd4 {[%emt 0:03:25]} Ne6 {[%emt 0:03:08]} 25. Nxe6 {[%emt 0:00:20]} fxe6 {[%emt 0:00:10]} 26. f4 {[%emt 0:02:47]} axb4 {[%emt 0:03:04]} 27. axb4 {[%emt 0:00:19]} Ra6 {[%emt 0:00:12]} 28. Qc3 {[%emt 0:07:25]} Rca8 {[%emt 0:01:28]} 29. Nc5 {[%emt 0:00:53]} Nxc5 {[%emt 0:00:10]} 30. bxc5 {[%emt 0:00:32]} Qc7 {[%emt 0:00:34]} 31. Rxa6 {[%emt 0:00:33]} Rxa6 {[%emt 0:00:19]} 32. Rb1 {[%emt 0:01:34]} Rc6 {[%emt 0:07:04]} 33. Be5 {[%emt 0:13:13]} Qd7 {[%emt 0:01:52]} 34. Qb4 {[%emt 0:02:04]} Bc8 {[%emt 0:00:16]} 35. Bd4 {[%emt 0:04:46]} Qc7 {[%emt 0:00:29]} 36. g3 {[%emt 0:02:29]} Bxc5 {[%emt 0:00:46]} 37. Qc3 {[%emt 0:00:06]} Bxd4 {[%emt 0:01:13]} 38. exd4 {[%emt 0:00:32]} Rb6 {[%emt 0:00:34]} 39. Qa5 {[%emt 0:02:11]} Rb7 {[%emt 0:00:19]} 40. Qxc7 {[%emt 0:00:22]} Rxc7 {[%emt 0:00:04]} 41. Kf2 {[%emt 0:00:15]} Kf7 {[%emt 0:00:37]} 42. Ke3 {[%emt 0:00:18]} Ra7 {[%emt 0:00:21]} 43. f5 {[%emt 0:01:11]} exf5 {[%emt 0:00:54]} 44. Kf4 {[%emt 0:00:08]} Kf6 {[%emt 0:00:32]} 45. Rb6+ {[%emt 0:00:14]} Be6 {[%emt 0:00:08]} 46. h4 {[%emt 0:00:20]} g6 {[%emt 0:02:39]} 47. Bg2 {[%emt 0:11:06]} Ra5 {[%emt 0:00:52]} 48. Rc6 {[%emt 0:00:18]} h6 {[%emt 0:00:22]} 49. Bf3 {[%emt 0:00:53]} Ra3 {[%emt 0:00:49]} 50. g4 {[%emt 0:01:09]} g5+ {[%emt 0:00:09]} 51. hxg5+ {[%emt 0:00:13]} hxg5+ {[%emt 0:00:07]} 52. Kg3 {[%emt 0:00:34]} fxg4 {[%emt 0:00:07]} 0-1

[Event "Lviv Tradition January 2019"]
[Site "Lviv"]
[Date "2019.01.30"]
[Round "6"]
[White "Shkuran, Danylo"]
[Black "Prydun, Andriy"]
[Result "1-0"]
[WhiteElo "2359"]
[BlackElo "2218"]
[Annotator "TA"]
[PlyCount "47"]
[EventDate "2019.01.27"]
[EventType "schev"]
[EventCountry "UKR"]
[SourceTitle "playchess.com"]
[Source "ChessBase"]
[SourceQuality "1"]

{[%evp 18,47,12,14,32,33,36,34,77,60,74,54,41,40,53,57,118,121,150,164,170,166,167,165,160,126,193,188,293,291,314,310]} 1. Nf3 d5 2. g3 Nf6 (2... c6 3. Bg2 Bg4 4. O-O Nd7 5. d4 e6 6. Nbd2 {½-½ (25) Artemiev,V (2697)-Lysyj,I (2618) Moscow 2018}) 3. Bg2 c6 4. O-O Bg4 5. d4 e6 $146 ({Predecessor:} 5... Nbd7 6. Nbd2 {½-½ (41) Schebler,G (2498)-Zaragatski,I (2193) Goch 2000}) 6. Nbd2 Nbd7 7. Re1 Bd6 8. e4 dxe4 9. Nxe4 Nxe4 10. Rxe4 Nf6 {D02: 1 d4 d5 2 Nf3 sidelines, including 2...Nf6 3 g3 and 2...Nf6 3 Bf4} (10... Bh5 11. d5 Nf6 12. Bg5 Bg6 13. Re1 cxd5 14. Bxf6 gxf6 15. Qxd5 Qb6 16. Nd2 O-O 17. Qxb7 Qxb7 18. Bxb7 {½-½ (25) Artemiev,V (2697)-Lysyj,I (2618) Moscow 2018}) 11. Re1 O-O 12. c3 c5 {White is slightly better.} 13. dxc5 Bxc5 14. Qb3 ({Predecessor:} 14. Qxd8 Raxd8 15. Ne5 b6 16. Bg5 Bh5 17. b4 Bd6 18. a4 {½-½ (41) Schebler,G (2498)-Zaragatski,I (2193) Goch 2000}) 14... Qd3 15. Be3 Bxf3 16. Bxf3 Qf5 {[#]} (16... Bxe3 $14 17. Rxe3 Qf5) 17. Bf4 $1 $16 ({Inferior is} 17. Qxb7 Rab8 $17) 17... Qd3 18. Qxb7 ({But not} 18. Bxb7 $6 Ng4 $14) 18... Nd5 19. Be4 Qc4 20. Bxd5 exd5 21. Qb3 Qd3 (21... f6 $16 {keeps fighting.} 22. Qxc4 dxc4) 22. Kg2 $18 Rfe8 (22... Rae8 $142 23. Rad1 Qc4 24. Qxc4 dxc4) 23. Rad1 Qc4 24. Rxd5 {Accuracy: White = 100%, Black = 34%.} 1-0